000
00295nam a22001217a 4500
008
180803b xxu||||| |||| 00| 0 eng d
082
_2
813.52
245
_a
The AphA complete review for pharmacy
_c
GOURLEY.D.R
300
_a
1
_f
CD
440
_x
9780972307680
760
_b
4 th
942
_2
ddc
_c
MX
999
_c
46748
_d
46748